Essays on the writings of Abraham ibn Ezra, (Record no. 33435)
[ view plain ]
| 000 -LEADER | |
|---|---|
| fixed length control field | 01302cam a22003131 4500 |
| 001 - CONTROL NUMBER | |
| control field | he 68001903 |
| 003 - CONTROL NUMBER IDENTIFIER | |
| control field | DLC |
| 005 - DATE AND TIME OF LATEST TRANSACTION | |
| control field | 20260227111500.0 |
| 008 - FIXED-LENGTH DATA ELEMENTS--GENERAL INFORMATION | |
| fixed length control field | 710901s1963 is b 000 0 eng |
| 010 ## - LIBRARY OF CONGRESS CONTROL NUMBER | |
| LC control number | he 68001903 |
| 025 ## - OVERSEAS ACQUISITION NUMBER | |
| Overseas acquisition number | PL480:Is-5167 |
| 040 ## - CATALOGING SOURCE | |
| Original cataloging agency | DLC |
| Transcribing agency | DLC |
| Modifying agency | DLC |
| 041 0# - LANGUAGE CODE | |
| Language code of text/sound track or separate title | eng |
| -- | heb |
| 050 00 - LIBRARY OF CONGRESS CALL NUMBER | |
| Classification number | PJ5050.I18 |
| Item number | Z65 1963 |
| 100 1# - MAIN ENTRY--PERSONAL NAME | |
| Personal name | Friedländer, M. |
| Fuller form of name | (Michael), |
| Dates associated with a name | 1833-1910. |
| 245 00 - TITLE STATEMENT | |
| Title | Essays on the writings of Abraham ibn Ezra, |
| Statement of responsibility, etc. | by M. Friedlaender. |
| 260 ## - PUBLICATION, DISTRIBUTION, ETC. | |
| Place of publication, distribution, etc. | Yerushalayim, |
| Name of publisher, distributor, etc. | [Mitsḥuf], |
| Date of publication, distribution, etc. | 724 [1963 or 4] |
| 300 ## - PHYSICAL DESCRIPTION | |
| Extent | viii-x, iv-v, 252, 78 p. |
| Dimensions | 28 cm. |
| 500 ## - GENERAL NOTE | |
| General note | At head of title: Ibn Ezra literature. |
| 500 ## - GENERAL NOTE | |
| General note | Original ed. published as Publications of the Society of Hebrew Literature, second series. |
| 500 ## - GENERAL NOTE | |
| General note | Hebrew appendix "Heʻteḳ perush ha-Rabaʻ ʻal ha-Torah" (78 p. at end) has special t.p. |
| 500 ## - GENERAL NOTE | |
| General note | Title page includes original imprint: London, Published for the Society of Hebrew Literature by Trübner and Co. [1877] |
| 504 ## - BIBLIOGRAPHY, ETC. NOTE | |
| Bibliography, etc. note | Bibliographical footnotes. |
| 600 10 - SUBJECT ADDED ENTRY--PERSONAL NAME | |
| Personal name | Ibn Ezra, Abraham ben Meïr, |
| Dates associated with a name | 1089-1164. |
| 630 00 - SUBJECT ADDED ENTRY--UNIFORM TITLE | |
| Uniform title | Bible. |
| Name of part/section of a work | Pentateuch |
| Form subdivision | Commentaries. |
| 700 1# - ADDED ENTRY--PERSONAL NAME | |
| Personal name | Ibn Ezra, Abraham ben Meïr, |
| Dates associated with a name | 1089-1164. |
| Title of a work | Perush ha-Torah. |
| 740 0# - ADDED ENTRY--UNCONTROLLED RELATED/ANALYTICAL TITLE | |
| Uncontrolled related/analytical title | Ibn Ezra literature. |
| 740 0# - ADDED ENTRY--UNCONTROLLED RELATED/ANALYTICAL TITLE | |
| Uncontrolled related/analytical title | Heʻteḳ perush ha-Rabaʻ ʻal ha-Torah. |
No items available.